The Eminence In Shadow Personnage - Statistiques

Statistiques générales
  • Ce quiz a été pris 183 fois
  • Le résultat moyen est 23 sur 83
Statistiques - réponses
Shadow Garden Réponse % Correct
α Alpha
92%
β Beta
87%
??? Shadow
85%
Δ Delta
80%
??? Cid Kageno
79%
ε Epsilon
66%
γ Gamma
66%
Princesse Oriana Rose Oriana
62%
ζ Zeta
62%
Princesse Midgar Alexia Midgar
60%
Princesse Midgar Iris Midgar
59%
η Eta
56%
Numbers Omega / 24
47%
Sorcière de l'Apocalypse Aurora
46%
Eleve Midgar Claire Kageno
44%
??? John Smith
39%
Numbers Nu / 13
39%
Membre Shadow Garden 665
36%
Déesse Guerrière Beatrix
34%
Membre Shadow Garden 664
33%
Héroïne Olivier
33%
Numbers Lambda / 11
31%
Epoux Princesse Oriana Thomas Zoschist
30%
Japonais Akane Nishino
29%
Tournoi Bushin Annerose Nichtsehen
29%
Eleve Midgar Jaga Imo / Po Tato
29%
Numbers Mu
29%
??? Mundane Man
29%
Vampire Elisabeth
28%
Vampire Mary
28%
Ville Lawless Mary
28%
Chevalier Table Ronde 11e Jack Nelson
26%
??? Minoru Kageno
26%
Roi Oriana Raphael Oriana
26%
Tour Noir Juggernaut
25%
Tour Blanche Yukime
25%
??? Jack l'éventreur
24%
Numbers Kai / 22
24%
Membre Shadow Garden Victoria / 559
24%
Premiers enfants Zenon Griffey
24%
Vampire Crimson
23%
Tour Blanche Natsu
23%
Eleve Midgar Sherry Barnett
23%
Japonais Akira Nishino
22%
Eleve Midgar Hyoro Gari / Skel Etal
22%
Tournoi Bushin Goldy Gilded
21%
Numbers Pi
20%
Numbers Sigma
20%
Allié Shadow Garden Nina
18%
??? Pourfendeur stylé des bandits
18%
Tour Blanche Kana
17%
Héroïne Lily
17%
Deuxième enfant Gettan
16%
Chevaliers Ecarlates Marco Granger
16%
Servante Oriana Margaret
16%
Vice Directeur Ruslan Barnett
16%
Chevalier Table Ronde 5e Fenrir
15%
Numbers Iota
15%
Eleve Midgar Suzuki Hope
15%
Héroïne Freya
14%
Eleve Midgar Kanade
14%
Ancien Eleve / Monstre Millia
14%
Tournoi Bushin Quinton
14%
??? Suzuki Hope
14%
Eleve Midgar Christina Hope
13%
Chevaliers Ecarlates Glenn
13%
Reine Oriana Reina Oriana
13%
Premiers enfants Rex
13%
Membre Shadow Garden 711
11%
Membre Shadow Garden 712
11%
Président Commerce Garter Kikuchi
11%
Chevalier Table Ronde 9e Mordred
11%
Ville Lawless White Demon
11%
Eleve Midgar Isaac
10%
Membre Shadow Garden 86
7%
Deuxième enfant Grease
7%
Chevalier Table Ronde 10e Petos
7%
Japonais Yuuka
7%
Japonais Haitani
5%
Japonais Yuudai Saejima
5%
Homme-Bête Zabra
5%
Deuxième enfant Gray
2%
Deuxième enfant Willow
2%
Aucun quiz correspondant
Distribution des résultats
% des personnes avec chaque résultat
Percentile par nombre de réponses
Votre historique - résultats
Vous n’avez pas pris ce quiz